=LDR 00000nam 2200000 4500 =001 INLIS000000000037484 =005 20130612143220 =008 ***********************************nd** =035 ##$$0010-061300000037484 =041 ##$$a nd =082 ##$$a 641.5 =090 ##$$a 641.5, Nur d =100 ##$$a Nursaadan =245 ##$$a 25 resep jalanan kaki lima Nusantara, Nursaadan; Editor, Intarina Hardiman =260 ##$$a 2011 $b Jakarta =300 ##$$a 53 hlm, Ilus, 21 cm =650 ##$$a Masakan - Resep =700 ##$$a Hardiman Intarina =850 ##$$a NBPNMAT